[Event "Baden-ch U18"]
[Site "Schoeneck"]
[Date "2002.01.03"]
[Round "2"]
[White "Borgert, Viktor"]
[Black "Daab, Sascha"]
[Result "0-1"]
[WhiteElo "1236"]
[BlackElo "1719"]
[PlyCount "76"]
[EventDate "2002.01.??"]
[EventType "swiss"]
[EventRounds "7"]
[EventCountry "GER"]
[SourceTitle "EXT 2003"]
[Source "ChessBase"]
[SourceDate "2002.11.25"]
[SourceVersion "1"]
[SourceVersionDate "2002.11.25"]
[SourceQuality "1"]

1. e4 e5 2. Nf3 Nc6 3. Bb5 a6 4. Bxc6 dxc6 5. h3 Bd6 6. b3 Ne7 7. Bb2 f6 8. d3 0-0 9. 0-0 b5 10. d4 exd4 11. Nxd4 c5 12. Ne2 Bb7 13. f3 Ng6 14. Nd2 Nf4 15. c4 Qe8 16. Nxf4 Bxf4 17. cxb5 Rd8 18. Bc1 Qe5 19. Rb1 Qd4+ 20. Rf2 Be3 21. Qe2 axb5 22. Nf1 Bxf2+ 23. Kh1 Qd3 24. Qxd3 Rxd3 25. Rb2 Bd4 26. Rd2 Rxd2 27. Bxd2 Ra8 28. a4 bxa4 29. bxa4 Rxa4 30. h4 Ra1 31. Bf4 Rxf1+ 32. Kh2 Be5 33. Bxe5 fxe5 34. Kg3 c4 35. Kg4 Bc8+ 36. Kg3 c3 37. h5 c2 38. Kh4 c1Q 0-1